000 00331nam a22001457a 4500
008 210322b ||||| |||| 00| 0 eng d
020 _a978087553242417
041 _aeng
080 _217th
_a61
082 _a61
100 _a3
101 _aSHM
245 _aControl of Communicable Diseases Manual
_cChin, J
942 _2udc
_cBK
999 _c56628
_d56628